000 00988cam a2200301 i 4500
999 _c9697
_d9697
001 9697
003 Mx-PuUPA
005 20260429151905.0
008 140415s1988 mx d r 000 0 spa d
020 _a9682416493
040 _aMx-PuUPA
_bspa
_cMx-PuUPA
_dMx-PuUPA
_erda
041 0 _aspa
100 1 _aPick de Weiss, Susan,
_eautor
_97835
245 1 0 _aCómo investigar en ciencias sociales /
_cSusan Pick de Weiss, Ana Luisa López Velasco de Faubert
250 _aTercera edición
264 1 _aMéxico, D.F. :
_bEditorial Trillas,
_c1984
300 _a160 páginas :
_bgráficas ;
_c23 cm.
336 _atexto
_2rdacontent
_btxt
337 _asin medio
_2rdamedia
_bn
338 _avolumen
_2rdacarrier
_bnc
650 4 _aCiencias sociales
_xInvestigaciones
650 4 _aInvestigación social
700 1 _aLópez Velasco de Faubert, Ana Luisa,
_eautor
942 _2ddc
_cLI
_h300.018
_iP585